1005 1644 1305 1952 1187 1533 1349 1035 1574 1363 1216 1444 1776 1500 1097 1802 1359 1008 1936 1615 1068 1025 1778 1998 1365 1928 1679 1791 1820 1620 1117 1018 1867 1140 1988 1925 1904 1475 1011 1033 1833 1958 1332 1966 1038 1068 1007 1632 1114 1676 1527 1158 1551 1112 1104 1938 1106 1448 1643 1590 2000 1838 1745 1881 1242 1961 1156 1200 1751 1269 1458 1793 1102 1002 1655 1427 1250 1662 1735 1854 1097 1747 1933 1963 1260 1539 1439 1281 1573 1287 1876 1882 1980 1121 1085 1692 1789 1438 1386 BCNSPRNW ULIB Ver.6.0+V

เปลี่ยนเป็นภาษาไทย

Change to English
 แสดงรายละเอียดบรรณานุกรม
  กลับหน้าหลัก

Brief Record : Get Marc (ISO 2709) : E-mail record : QR code < ปิดหน้าต่าง
LEADER : 00000nam 2200000uu 4500
001    13399121149
003     ULIB
008    121107s2555||||th 000 0 tha d
020    ^a9786162710469
060 04 ^aWY152.5^bE36
245 10 ^aEKG interpretation and management for ICU nurse / ^cปิยะนัยต์ วัฒนประสาน ; บรรณาธิการ
246 31 ^aCardiovascular criticae care nursing Part I EKG interpretation
250    ^aพิมพ์ครั้งที่ 1
260    ^aสงขลา :^bคณะแพทยศาสตร์ มหาวิทยาลัยสงขลานครินทร์,^c2555
300    ^a233 หน้า :^bภาพประกอบ ;^c21 ซม.
650  4 ^aการบันทึกคลื่นไฟฟ้าหัวใจ
650  4 ^aการบันทึกคลื่นไฟฟ้าหัวใจ^xการพยาบาล
650  4 ^aภาวะวิกฤต, การดูแล
650  4 ^aการบันทึกคลื่นไฟฟ้าหัวใจ
650  4 ^aหัวใจ, โรค^xการพยาบาล
700 0  ^aปิยะนัยต์ วัฒนประสาน,^eบรรณาธิการ
710 2  ^aมหาวิทยาลัยสงขลานครินทร์.^bคณะแพทยศาสตร์
945    ^p390^l0^i032965
945    ^p390^l0^i032966
995    ^a เกษร
999    ^aใช้งานได้ทุกระบบ
รายการนี้ยังไม่มีแท็ก
คุณยังไม่ได้ล็อกอิน คุณสามารถมีกิจกรรมร่วมกับเว็บไซต์ได้ แต่ต้องล็อกอินก่อน ::
  ล็อกอิน

รายการสื่อสารสนเทศ

ลำดับที่ ประเภท เลขเรียก/บาร์โค้ด สถานที่ สถานะ
1. Book การพยาบาล
หนังสือสำรอง
สถานะ=หนังสือสำรอง
WY152.5 E36 ฉ.1 
  Barcode: 032965
ห้องสมุดวิทยาเขตสวรรค์ประชารักษ์
►ส่วนจัดเก็บหนังสือเก่า สปร
บนชั้น
  ขอยืม
2. Book การพยาบาล
Book การพยาบาล
WY152.5 E36 ฉ.2 
  Barcode: 032966
ห้องสมุดวิทยาเขตสวรรค์ประชารักษ์
►ส่วนจัดเก็บหนังสือเก่า สปร
บนชั้น
  ขอยืม

รายการใกล้เคียง
    หัวเรื่อง [การบันทึกคลื่นไฟฟ้าหัวใจ]
    หัวเรื่อง [ภาวะวิกฤต, การดูแล]
    หัวเรื่อง [การบันทึกคลื่นไฟฟ้าหัวใจ]

BibComment


ยังไม่เคยถูกคอมเมนท์

คอมเมนท์ทรัพยากรรายการนี้
  คอมเมนท์: EKG interpretati..


 Copyright 2026. Bcnsprnw @Library